[Event "GER-chT U20 Girls"]
[Site "Hamburg"]
[Date "2001.12.30"]
[Round "7.4"]
[White "Falke, Miriam"]
[Black "Voorgang, Lena"]
[Result "1-0"]
[WhiteElo "1248"]
[BlackElo "100"]
[PlyCount "56"]
[EventDate "2001.12.??"]
[EventType "team"]
[EventRounds "7"]
[EventCountry "GER"]
[SourceTitle "EXT 2003"]
[Source "ChessBase"]
[SourceDate "2002.11.25"]
[SourceVersion "1"]
[SourceVersionDate "2002.11.25"]
[SourceQuality "1"]

1. e4 e5 2. Nf3 Nc6 3. Bc4 Bc5 4. Nc3 Nf6 5. d3 0-0 6. Bg5 d6 7. h3 a6 8. Nd5 b5 9. Bb3 h6 10. Bxf6 gxf6 11. c3 Be6 12. Qd2 f5 13. Qxh6 fxe4 14. Nf6+ Qxf6 15. Qxf6 exf3 16. Qxf3 Ne7 17. Qg3+ Ng6 18. Bxe6 Kg7 19. Bd5 Rae8 20. 0-0 b4 21. cxb4 Bxb4 22. Qg4 a5 23. Be4 c5 24. Bxg6 fxg6 25. Qd7+ Kg8 26. Qxd6 e4 27. dxe4 Rxe4 28. Qxg6+ Kh8 1-0

[Event "GER-chT U20 Girls"]
[Site "Hamburg"]
[Date "2001.12.29"]
[Round "5.4"]
[White "Voorgang, Lena"]
[Black "Velten, Katharina"]
[Result "0-1"]
[WhiteElo "100"]
[BlackElo "100"]
[PlyCount "48"]
[EventDate "2001.12.??"]
[EventType "team"]
[EventRounds "7"]
[EventCountry "GER"]
[SourceTitle "EXT 2003"]
[Source "ChessBase"]
[SourceDate "2002.11.25"]
[SourceVersion "1"]
[SourceVersionDate "2002.11.25"]
[SourceQuality "1"]

1. e4 c6 2. Nf3 d5 3. e5 Bf5 4. d4 e6 5. Nc3 Nd7 6. Bf4 f6 7. Qd2 fxe5 8. dxe5 Qb6 9. 0-0-0 Qc5 10. Bd3 Bxd3 11. Qxd3 Qa5 12. Ng5 Nc5 13. Qd4 Nh6 14. a3 Nf5 15. b4 Qxa3+ 16. Kb1 Nxd4 17. Rxd4 Na4 18. Nxa4 Qxa4 19. c3 a5 20. Bd2 axb4 21. cxb4 Qa1+ 22. Kc2 Qxd4 23. Re1 Ra2+ 24. Kc1 Qa1# 0-1